| 000 | 00437nam a22001577a 4500 | ||
|---|---|---|---|
| 999 |
_c8971 _d8971 |
||
| 003 | GBCCL | ||
| 005 | 20241126110702.0 | ||
| 008 | 220209b ||||| |||| 00| 0 eng d | ||
| 040 | _cGBC | ||
| 082 |
_a223.2 _bPSA |
||
| 245 |
_aThe book of Psalms : _bNew international version |
||
| 260 |
_aColorado springs : _bInternational Bible society, _c1984. |
||
| 300 | _a137p. ; | ||
| 650 |
_aBible _vOld Testament _xPsalms _97557 |
||
| 942 |
_2ddc _cBK |
||